01481nam a2200325 u 450000100100000000500170001000800410002702000150006804000250008308200170010824501170012526000780024230000350032049000180035559000260037365000510039965000610045065000440051170000350055570000300059070000250062070000260064570000370067171001270070883000260083591000370086195201200089895201220101899900150114000000293620200929150305.0090706s1996 dr a 000 0 spa d a8489548153 aDO-SdBNPbspacBNPHU a333.73bU86t00aUso de la tierra y producción de alimentos de la República Dominicana /cPedro Juan del Rosario... [et al.]. aSantiago de los Caballeros, República Dominicana :bPUCMM, CEUR,c1996. a267p. :bil. ; graf. ;c23 cm.1 aEstudiosv180 aInventariado, 2018/LP 4aUso de la tierrazRepública Dominicana99320 4aAbastecimento de alimentoszRepública Dominicana99321 4aCuotas de producción agrícola9932212aRosario, Pedro Juan del,9932312aSchorgmayer, Helmut9932412aGeilfus, Frans9932512aPierre, Luc St.9932612aHernández, José Miguel993272 aPontificia Universidad Católica Madre y Maestra (República Dominicana).bCentro de Estudios Urbanos y Regionales99328 0aEstudios ;n18099329 aValidado. Control de calidad MFF 0010718PDaPDbPDcHDd2009-07-10iLF1l0o333.73 U86tp2936-20r2020-06-25te. 2w2020-06-25yLFPDZNo se presta 0010718PDaPDbPDcHDd2009-07-06e034271iLF1l0o333.73 U86tp2936-10r2020-06-25w2020-06-25yLFPDZNo se presta c2769d2769